| 000 | 00425nam a2200157 a 4500 | ||
|---|---|---|---|
| 005 | 20260312064037.0 | ||
| 008 | 991125s1970 mx 000 0 spa u | ||
| 035 | _aUPN01000036425 | ||
| 049 | _aF | ||
| 050 | 4 |
_aRG136 _bM35 |
|
| 245 | 0 | 0 | _aManual de métodos de planificación familiar. |
| 260 |
_aMéxico : _bIntersistemas, _c[197-]. |
||
| 300 |
_a48 p. : _bil. |
||
| 650 | 4 |
_aControl de la natalidad _912362 |
|
| 905 | _aLibro | ||
| 999 |
_c36425 _d36425 |
||